|
|
|
|
| LEADER |
00000cam a2200000 a 4500 |
| 001 |
vtls001080594 |
| 003 |
SK-MaSNL |
| 005 |
20260425221816.0 |
| 008 |
240226s1988 xo o grn 000 0 slo |
| 015 |
|
|
|a SNBA1989/04
|
| 020 |
|
|
|q (brožované)
|
| 035 |
|
|
|a SNK000023431
|
| 035 |
|
|
|a FAC4EDF4-1F87-481A-8080-D8FE03828670
|
| 035 |
|
|
|a urn:nbn:sk:snk-am00iggq
|
| 040 |
|
|
|a SNK
|b slo
|c SNK
|e AACR2
|
| 041 |
0 |
|
|a slo
|b ger
|b hun
|b rus
|
| 043 |
|
|
|a e-xo---
|
| 044 |
|
|
|a xo
|c SK
|
| 072 |
|
7 |
|a 75
|x Maliarstvo
|2 konspekt
|
| 080 |
|
|
|a 75.05"04/14"(437.6)
|2 1981
|
| 080 |
|
|
|a (437.6)
|2 2011
|
| 080 |
|
|
|a 75.052
|2 2011
|
| 080 |
|
|
|a 75.033
|2 2011
|
| 080 |
|
|
|a 75.033.5
|2 2011
|
| 080 |
|
|
|a 75.033.4
|2 2011
|
| 080 |
|
|
|a (048.8)
|2 2011
|
| 100 |
1 |
|
|a Togner, Milan,
|d 1938-
|4 aut
|4 pht
|9 7793
|
| 245 |
1 |
0 |
|a Stredoveká nástenná maľba na Slovensku
|b súčasný stav poznania (Addenda et corrigenda)
|c Milan Togner ; [fotografie vyhotovili Ivan Hoffman, Jiří Josefík, Milan Togner, Štefan Fábian]
|
| 250 |
|
|
|a 1. vyd.
|
| 260 |
|
|
|a Bratislava
|b Tatran
|b Štátne reštaurátorské ateliéry
|c 1988
|
| 300 |
|
|
|a 154 strán, 36 nečíslovaných strán obrazových príloh
|b fotografie
|c 21 cm
|
| 366 |
|
|
|e 1500 výtl.
|
| 500 |
|
|
|a Nepredajné
|
| 504 |
|
|
|a Bibliografia na strane 123-138
|
| 546 |
|
|
|a Maďarské, nemecké a ruské resumé
|
| 650 |
0 |
7 |
|a nástenná maľba
|2 SNKPH
|9 87402
|
| 650 |
0 |
7 |
|a stredoveké maliarstvo
|2 SNKPH
|9 2871
|
| 650 |
0 |
7 |
|a gotické maliarstvo
|2 SNKPH
|9 85635
|
| 650 |
0 |
7 |
|a románske maliarstvo
|2 SNKPH
|9 93175
|
| 651 |
|
7 |
|a Slovensko
|2 SNKPHgeo
|9 14231
|
| 655 |
|
7 |
|a monografie
|2 SNKPH
|9 70139
|
| 700 |
1 |
|
|a Hoffman, Ivan,
|d 1952-
|4 pht
|9 90466
|
| 700 |
1 |
|
|a Josefík, Jiří ,
|d 1920-2006
|4 pht
|9 278367
|
| 700 |
1 |
|
|a Fábián, Štefan
|c (fotograf)
|4 ill
|9 172368
|
| 852 |
|
|
|a Slovenská národná knižnica
|
| 954 |
|
|
|a odborná, vedecká literatúra pôvodná (slovenská)
|2 lita
|
| 958 |
|
|
|a OND
|
| 958 |
|
|
|a NB
|
| 958 |
|
|
|a TL
|
| 958 |
|
|
|a EUIPO
|
| 999 |
|
|
|c 533643
|d 535573
|
| 952 |
|
|
|a SNK
|b SNK
|y PREZ
|7 0
|p 17A0964457
|o snkSC 73976
|i snkKSP 1630/89
|0 0
|1 0
|4 0
|d 2012-09-26
|f 1
|l 0
|r 2025-07-30 00:00:00
|w 2026-02-23
|
| 952 |
|
|
|t P60, <04>, [BOOK], {604}
|a SNK
|b SNK
|y VYP
|7 0
|p 17A0127328
|o snkSC 73976 D1
|0 0
|1 0
|4 0
|d 1998-03-07
|l 0
|r 2004-12-31 00:00:00
|w 2026-02-23
|